000 00791 a2200205 4500
999 _c293
_d293
020 _a1568213085
050 0 0 _aBM538. BUL 1995
100 1 _aBulka, Reuven P.
245 1 0 _aJudaism on pleasure /
_cReuven P. Bulka.
264 _aLondon:
_bJason Aronson Inc.,
_c1995
300 _axviii, 203 p. ;
500 _aOriginally published: The Jewish pleasure principle. New York : Human Sciences Press, c1987.
504 _aIncludes bibliographical references (p. 169-191) and index.
650 0 _aPleasure principle (Psychology)
_xReligious aspects
_xJudaism.
650 0 _aAsceticism
_xJudaism.
650 0 _aSelf-denial.
650 0 _aJewish way of life.
942 _2lcc
_cBK
_h538
_iBUL
_kBM